000
00333nam a2200145Ia 4500
008
150201s2011 xx 000 0 und d
082
_a
617.3
_b
O07E
100
_a
EBNEZER , JOHN
245
_a
ORTHOPAEDIC FOR NURSING
250
_a
1ST
260
_b
JAYPEE
_a
DELHI
_c
2011
300
_a
437
650
_a
ORTHOPAEDIC
942
_2
ddc
_c
BK
999
_c
2057
_d
2057